Melodrama - Théodora ft. Disiz paroles - Statistiques

Statistiques générales
  • Ce quiz a été pris 1 940 fois
  • Le résultat moyen est 245 sur 301
Statistiques - réponses
Réponse % Correct
le
96%
de
95%
dans
94%
pas
94%
que
94%
ta
94%
à
93%
a
93%
ce
93%
j’ai
93%
fait ?
92%
fait
92%
je
92%
“Je
92%
un
92%
comme
91%
les
91%
Shazam
91%
son
91%
sur
91%
y
91%
la
90%
moi,
90%
mal
89%
tout
89%
t’aurais
88%
tu
88%
en
87%
j’suis
87%
J’suis
87%
deux
86%
du
85%
fois
85%
ou
85%
t’ai
85%
yeux
85%
dit :
84%
et
84%
homme
84%
mais
84%
sous
84%
t’aime”
84%
trop
84%
ça
83%
m’as
83%
même
83%
pour
83%
pleuré
82%
plus
82%
qu’est
82%
surtout
82%
ton
82%
Dieu
81%
d’une
81%
il
81%
mes
81%
mon
81%
l’eau
80%
con
79%
draps
79%
lit,
79%
sans
79%
toi
79%
toi,
79%
vie
79%
c’est
78%
odeur
78%
poches
78%
si
78%
coule,
77%
coule
77%
d’peine,
77%
hier
77%
pleines
77%
pleut
77%
toujours,
77%
babe,
76%
d’javel
76%
elle
76%
encore,
76%
(encore),
76%
l’aquarelle,
76%
pareil
76%
repense
75%
Valentine
75%
jamais
74%
l’air
74%
été
73%
foutre
73%
l’TGV
73%
suis
73%
vraiment
72%
couleurs
71%
pourquoi
71%
roule,
71%
roule
71%
Blessé
70%
RER,
70%
longtime
69%
dou
68%
drame
68%
pied
68%
d’hiver
67%
douleur
67%
bg,
66%
façon,
66%
l’équation
66%
l’tribunal
66%
toute
66%
coupable
64%
dégouté,
64%
m’vouloir
64%
blues
63%
dernière
62%
l’amour,
62%
plaide
62%
qu’on
62%
bonheur
61%
l’enfance
61%
venu
61%
étoilé
60%
galères
60%
c’méli-mélo
59%
végéter
58%
s’raccompagne
57%
donc
56%
m’donnes
56%
qu’ça
55%
alors
50%
ah
26%
ouh
24%
dididi
21%
didididi
21%
toudididi
10%
toudidididi
10%
Aucun quiz correspondant
Distribution des résultats
% des personnes avec chaque résultat
Percentile par nombre de réponses
Votre historique - résultats
Vous n’avez pas pris ce quiz